|
|
|
|
| LEADER |
00000cam a2200000 a 4500 |
| 001 |
vtls001080539 |
| 003 |
SK-MaSNL |
| 005 |
20260301111145.0 |
| 008 |
180814s1988 xo f 00000 slo |
| 015 |
|
|
|a SNBA1989/04
|
| 035 |
|
|
|a SNK000023376
|
| 040 |
|
|
|a SNK
|b slo
|c SNK
|e AACR2
|
| 041 |
0 |
|
|a slo
|
| 044 |
|
|
|a xo
|c SK
|
| 080 |
|
|
|a 327.323(091)(075.8)
|2 1981
|
| 100 |
1 |
|
|a Hubenák, Ladislav,
|d 1928-2018
|4 aut
|9 86296
|
| 245 |
0 |
|
|a Dejiny medzinárodného robotníckeho, komunistického a národnooslobodzovacieho hnutia
|c Ladislav Hubenák a kol.
|
| 250 |
|
|
|a 1. vyd.
|
| 260 |
|
|
|a Bratislava
|b Slovenské pedagogické nakladateľstvo
|c 1988
|
| 300 |
|
|
|a 275 s.
|c 29 cm
|
| 366 |
|
|
|e 1800 výt.
|
| 490 |
1 |
|
|a Vysokoškolské skriptá
|
| 650 |
0 |
7 |
|a medzinárodné robotnícke hnutie
|2 SNKPH
|9 4785
|
| 650 |
0 |
7 |
|a národnooslobodzovacie hnutia
|2 SNKPH
|9 168058
|
| 655 |
|
7 |
|a učebnice vysokých škôl
|2 SNKPH
|9 70191
|
| 700 |
1 |
|
|a Kollár, Ján
|4 aut
|9 54353
|
| 700 |
1 |
|
|a Krejčí, Jozef
|4 aut
|9 436438
|
| 700 |
1 |
|
|a Lehotský, Vladimír,
|d 1925-2003
|4 aut
|9 260579
|
| 700 |
1 |
|
|a Roháčová, Irena
|4 aut
|9 342360
|
| 700 |
1 |
|
|a Rusňáková, Gizela
|4 aut
|9 436439
|
| 700 |
1 |
|
|a Pleva, Ján,
|d 1928 23. júl-
|4 aut
|9 37963
|
| 830 |
|
0 |
|a Vysokoškolské skriptá
|9 276440
|
| 958 |
|
|
|a OND
|
| 999 |
|
|
|c 705809
|d 707739
|
| 952 |
|
|
|t P60, <04>, [BOOK], {604}
|a SNK
|b SNK
|y VYP
|7 0
|p 17A0156848
|o snkSB 44753 D1
|0 0
|1 0
|4 0
|d 1998-08-12
|l 0
|r 2004-12-31 00:00:00
|w 2026-02-23
|
| 952 |
|
|
|a SNK
|b SNK
|y PREZ
|7 0
|p 17A0853193
|o snkSB 44753
|0 0
|1 0
|4 0
|d 2012-07-09
|f 1
|l 0
|r 2026-02-23 21:14:58
|w 2026-02-23
|